00538nam a2200169Ia 4500003000900000008004100009040001600050080002500066110003300091245010700124260005000231300000900281500001900290650002000309650001800329650002100347IN-BaIIA211028s9999 xx 000 0 eng d cIIA Library a083.7:621.873.12bSI aIndian Standards Institution 0aIndian standard code of practice for design of mobile cranes (all types)cIndian Standards Institution aNew DelhibIndian Standards Institutionc1969 a32p. aIS 4573 : 1968 a Mobile Cranes a Standards  aNASA Thesaurus